000 01036cad a22002415a 4500
001 E148075
008 090721s2009 fr d f s 000 0 eng d
035 _a(Sirsi) u148075
041 0 _aeng
050 0 4 _a333.33 $2 18
110 2 _aBNP Paribas Real Estate
_95715
245 0 0 _aAt a glance
_bEuropean markets Q2 2009
_h[electronic resource]
260 _a[Paris]
_bBNP Paribas Real Estate
_c2009
490 0 _aAtisreal European Markets
520 _aReports that the European Investment Market Index continues to fall, however the rate of decline has slowed, with Q2 2009 showing a drop of 14%, the smallest fall since Q1 2008. The Prime Rent Index also saw a drop in Q2 2009, and the European Office Take-up Index also fell by a further 6%.
521 _aAdvanced
590 _aKA
650 2 4 _aATISREAL EUROPEAN MARKETS
651 4 _aEurope
690 _aPROPERTY-COMMERCIAL PROPERTY-COMMERCIAL PROPERTY MARKET
856 4 0 _uhttps://www.atisreal.com/
_zView this report free of charge at www.atisreal.com...
942 _n0
999 _c109872
_d109872